000 00440nam a2200181Ia 4500
001 8950
005 20260306160647.0
008 260306t2006||||xx |||||||||||||| ||spa||
041 _aESP
082 _a372
_bV36
100 _aVásquez Valerio, Francisco Javier
_eAUT
245 0 _aModernas estrategias para la enseñanza
260 _c2006
300 _apágs. :
_c27 cm.
650 _aGEN
654 _aCED
942 _cLIB
_dJUS
_fJUS
_2ddc
_n
999 _c8950
_d8950